[Event "Olympiad Women 2024"]
[Site "Budapest HUN"]
[Date "2024.09.18"]
[Round "7.17"]
[Board "4"]
[White "Sibajeva, Marija"]
[Black "Ciolacu, Alessia-Mihaela"]
[Result "1-0"]
[WhiteElo "2007"]
[BlackElo "2160"]
[PlyCount "73"]
[EventDate "2024.09.11"]
[WhiteTeam "Lithuania"]
[BlackTeam "Romania"]
[WhiteTeamCountry "LTU"]
[BlackTeamCountry "ROU"]

1. d4 Nf6 2. Nc3 d5 3. Bf4 e6 4. Nb5 Na6 5. e3 c6 6. Nc3 Nc7 7. Bd3 c5 8. dxc5 Bxc5 9. Nf3 ({RR} 9. Qf3 Bd6 10. Bxd6 Qxd6 11. Qg3 Qxg3 12. hxg3 b6 13. Nf3 Bb7 14. a4 a5 15. Ne2 Ke7 16. Ned4 h6 17. O-O Na6 18. c3 Nc5 19. Bc2 Rhc8 20. Rfd1 Ne8 21. Ne5 Nd6 22. f3 Nd7 23. Nxd7 Kxd7 {½-½ Alekseenko,K (2696)-Jumabayev,R (2637) Titled Tuesday intern op 30th Mar blitz 2021 (6)}) 9... O-O 10. g4 $146 ({RR} 10. O-O b6 11. e4 Bb7 12. Qe2 d4 13. e5 dxc3 14. exf6 g6 15. Be5 Bxf3 16. Qxf3 Bd4 17. Bxd4 Qxd4 18. Rad1 Qc5 19. b4 Qxb4 20. Rfe1 Rfd8 21. Re4 Qf8 22. Rh4 Ne8 23. Re1 e5 24. Rxe5 Qd6 {0-1 Giannelos,S (1900)-Kouskoutis,G (2297) 17th Paleochora Open 2024 (1.15)}) ({RR} 10. O-O Be7 11. e4 dxe4 12. Nxe4 Ncd5 13. Bd2 Nxe4 14. Bxe4 Nf6 15. Bd3 b6 16. Qe2 Bb7 17. Rfd1 Qc7 18. c3 Rfd8 19. Bg5 Qc5 20. Bxf6 Bxf6 21. Be4 Bxe4 22. Qxe4 Qc7 23. h3 Rac8 24. Kf1 Rd7 {1-0 Darmanin,J (2049)-Thorsteinsson,S (2222) EU Small Countries ol 6th 2019 (1.4)}) 10... Bb4 11. g5 Nd7 12. Ne5 Nxe5 13. Bxe5 Bd6 14. Bxh7+ Kxh7 15. Qh5+ Kg8 16. Bxg7 f5 17. Qh8+ Kf7 18. g6+ Kxg6 19. Rg1+ Kf7 20. Bxf8 Bxf8 21. Rg7+ Bxg7 22. Qxd8 Ne8 23. Qg5 Bd7 24. O-O-O b5 25. h4 b4 26. Ne2 Nf6 27. Qf4 a5 28. Ng1 Rc8 29. Nf3 Ng4 30. Qd6 Ke8 31. Rd2 Bf8 32. Qa6 a4 33. Nd4 Ke7 34. Qb7 b3 35. axb3 axb3 36. Nxe6 Nf6 37. Nxf8 1-0

[Event "Olympiad Women 2024"]
[Site "Budapest HUN"]
[Date "2024.09.18"]
[Round "7.18"]
[Board "1"]
[White "Brunello, Marina"]
[Black "Wagener, Anna"]
[Result "1-0"]
[WhiteElo "2348"]
[BlackElo "2251"]
[PlyCount "65"]
[EventDate "2024.09.11"]
[WhiteTeam "Italy"]
[BlackTeam "Luxembourg"]
[WhiteTeamCountry "ITA"]
[BlackTeamCountry "LUX"]

1. e4 c5 2. Nf3 Nc6 3. d4 cxd4 4. Nxd4 g6 5. c4 Bg7 6. Be3 Nf6 7. Nc3 O-O 8. Be2 d6 9. O-O Bd7 10. Nb3 a5 11. Nd2 Bc8 12. Ndb1 Nd7 13. Na3 Nc5 14. Nab5 Be6 $146 15. Rc1 f5 16. exf5 gxf5 17. Qd2 Ne5 18. b3 Ne4 19. Nxe4 fxe4 20. Bg5 Kh8 21. Qe3 Nf7 22. Bf4 Bf5 23. Rcd1 Qc8 24. Bh5 a4 25. Nc3 axb3 26. axb3 e5 27. Bg3 Bh6 28. Qe2 Qc6 29. Nb5 Rad8 30. Bxf7 Rxf7 31. Bxe5+ Bg7 32. Rxd6 Rxd6 33. Nxd6 1-0

[Event "Olympiad Women 2024"]
[Site "Budapest HUN"]
[Date "2024.09.18"]
[Round "7.70"]
[White "Steil-Antoni, Fiona"]
[Black "Gueci, Tea"]
[Result "1/2-1/2"]
[WhiteElo "2085"]
[BlackElo "2199"]
[PlyCount "63"]
[EventDate "2024.09.11"]
[WhiteTeam "Luxembourg"]
[BlackTeam "Italy"]
[WhiteTeamCountry "LUX"]
[BlackTeamCountry "ITA"]

1. f4 d5 2. Nf3 Nf6 3. e3 g6 4. b3 Bg7 5. Bb2 O-O 6. Be2 c5 7. O-O Nc6 8. Ne5 Qc7 9. Nxc6 Qxc6 10. Bf3 c4 ({RR} 10... Bf5 11. d3 Rfe8 12. Nd2 Rad8 13. Nc4 Qc8 14. Nd2 Ng4 15. Bxg4 Bxb2 16. Bxf5 Qxf5 17. Rb1 Bg7 18. Qf3 b6 19. Rbe1 e5 20. fxe5 Qxf3 21. Nxf3 Bxe5 22. Nxe5 Rxe5 23. Rf6 Kg7 24. Rc6 Rde8 25. Kf2 {0-1 Sturt,R (2459)-Chen,R (2408) Titled Tue 20th Aug Late 2024 (7)}) 11. d3 $146 ({RR} 11. bxc4 Qxc4 12. Na3 Qc5 13. d4 Qb6 14. Rb1 Bf5 15. g4 Be4 16. g5 Bxf3 17. Rxf3 Ne4 18. c4 Qe6 19. c5 f6 20. gxf6 Rxf6 21. Nb5 Qg4+ 22. Kh1 g5 23. Nc3 Nxc3 24. Bxc3 gxf4 25. Rxf4 Rxf4 {½-½ Poppner,D (2105)-Schulz,V (2255) Oberliga Nord O 9899 1998}) 11... cxd3 12. cxd3 Bd7 13. Bd4 Ne8 14. Bxg7 Nxg7 15. Nd2 Nf5 16. Re1 Rac8 17. g4 Ng7 18. h3 Qd6 19. d4 Rc3 20. Rc1 Rfc8 21. Rxc3 Rxc3 22. Nb1 Rc7 23. Qd2 Qc6 24. Qa5 e6 25. Qxa7 Ne8 26. Qa5 Qc2 27. Nd2 b6 28. Qb4 Qxa2 29. Nf1 Qa5 30. Qxa5 bxa5 31. Ra1 Ra7 32. Rc1 1/2-1/2

[Event "Olympiad Women 2024"]
[Site "Budapest HUN"]
[Date "2024.09.18"]
[Round "7.18"]
[Board "3"]
[White "Sedina, Elena"]
[Black "Kremer, Nadine"]
[Result "1-0"]
[WhiteElo "2196"]
[BlackElo "1898"]
[PlyCount "61"]
[EventDate "2024.09.11"]
[WhiteTeam "Italy"]
[BlackTeam "Luxembourg"]
[WhiteTeamCountry "ITA"]
[BlackTeamCountry "LUX"]

1. e4 Nf6 2. e5 Nd5 3. d4 d6 4. Nf3 g6 5. c4 Nb6 6. exd6 cxd6 7. h3 Bg7 8. Be2 O-O 9. Nc3 Bf5 10. O-O Nc6 11. d5 Na5 12. Nd4 e5 $146 ({RR} 12... Naxc4 13. Nxf5 gxf5 14. Bd3 e6 {½-½ Sznapik,A (2420)-Chekhov,V (2480) POL-chT 49th 1993 (6)}) ({RR} 12... Naxc4 13. Nxf5 gxf5 14. Bd3 e6 15. Re1 Ne5 16. Bb1 Rc8 17. a4 Re8 18. a5 Nbc4 19. Ra4 b6 20. a6 Rc5 21. Rb4 Qc8 22. Bc2 Qxa6 23. Ba4 Rd8 24. Bb5 Qa5 25. Ra4 Rxb5 26. Rxa5 Rxa5 27. b3 {1-0 Aronian,L (2729)-Grunberg,M (2399) Titled Tue 6th Aug Early 2024 (1)}) ({RR} 12... Naxc4 13. a4 Na5 14. Nxf5 gxf5 15. Re1 Rc8 16. Bd3 Qd7 17. Bf4 Nac4 18. Qh5 e6 19. a5 Nxb2 20. Bb5 Qe7 21. axb6 a6 22. Bg5 Bf6 23. dxe6 Bxg5 24. exf7+ Qxf7 25. Qxg5+ Qg6 26. Qxg6+ hxg6 27. Na4 {1-0 Santos Ruiz,M (2601)-Lopez Varela,P (2362) ch-ESP Blitz 2024 (5.2)}) ({RR} 12... Naxc4 13. a4 a5 14. Nxf5 gxf5 15. Bd3 e6 16. Qe2 Ne5 17. Be3 Nxd3 18. Qd2 {0-1 Lock,G (2058)-Ventura Bolet,M (2233) Titled Tue 31st Oct Late 2023 (2)}) ({RR} 12... Naxc4 13. Nxf5 gxf5 14. Re1 Qd7 15. a4 a5 16. Bd3 Ne5 17. Bb5 Qc7 18. Qh5 e6 19. Bh6 Bxh6 20. Qxh6 Qe7 21. Rad1 Kh8 22. Qe3 Nc8 23. Qd4 f4 24. Ne4 f6 25. dxe6 Rg8 26. Nd2 f3 27. g3 {0-1 Adhami,V (2335)-Urday Caceres,H (2430) Olympiad-28 Thessaloniki 1988 (5)}) 13. Nxf5 gxf5 14. b3 Rc8 15. Bd2 f4 16. Rc1 Naxc4 17. bxc4 Nxc4 18. Ne4 f5 19. Rxc4 Rxc4 20. Bxc4 fxe4 21. Qe2 f3 22. Qxe4 fxg2 23. Qxg2 Kh8 24. Kh1 Qd7 25. Be2 Qf7 26. Bg4 h5 27. Be6 Qf3 28. Be3 Qe2 29. Rg1 Bf6 30. Qg6 Qf3+ 31. Kh2 1-0

[Event "Olympiad Women 2024"]
[Site "Budapest HUN"]
[Date "2024.09.18"]
[Round "7.18"]
[Board "4"]
[White "Lyon, Hannah Jane"]
[Black "Sala, Giulia"]
[Result "0-1"]
[WhiteElo "1797"]
[BlackElo "2115"]
[PlyCount "46"]
[EventDate "2024.09.11"]
[WhiteTeam "Luxembourg"]
[BlackTeam "Italy"]
[WhiteTeamCountry "LUX"]
[BlackTeamCountry "ITA"]

1. d4 d5 2. c4 e6 3. Nf3 Nf6 4. g3 dxc4 5. Bg2 Nc6 6. e3 ({RR} 6. Nc3 Rb8 7. Qa4 Bb4 8. O-O O-O 9. Qb5 Bxc3 10. bxc3 Qd5 11. a4 a6 12. Qb2 Qh5 13. h3 Bd7 14. Qa2 Qa5 15. Qxc4 b5 16. Qd3 bxa4 17. Nd2 Qb5 18. c4 Qa5 19. e4 e5 20. d5 Nb4 {1-0 Li,C (2732)-Liu,Q (2527) CHN-chT China 2018 (15.6)}) 6... Rb8 7. Qc2 $146 ({RR} 7. Nfd2 e5 8. Nxc4 exd4 9. Bxc6+ bxc6 10. Qxd4 Qd5 11. Qxd5 cxd5 12. Ncd2 Ba6 13. b3 Nd7 14. Ba3 Ne5 15. Bxf8 Rxf8 16. Nc3 Rb6 17. Rg1 Nd3+ 18. Kd1 Nxf2+ 19. Kc2 Rd6 20. Nf3 Kd8 21. g4 Re8 {0-1 Inkiov,V (2470)-Rabiega,R (2420) Zillertal op 1993}) ({RR} 7. Nfd2 e5 8. Bxc6+ bxc6 9. dxe5 Ng4 10. O-O Nxe5 11. Qc2 Qd3 12. Qc3 Qxc3 13. Nxc3 Ba6 14. e4 Bc5 15. b3 cxb3 16. axb3 Bxf1 17. Kxf1 Nd3 18. Ke2 Nxc1+ 19. Rxc1 Bb4 20. Nc4 f6 21. Na4 Ke7 {0-1 Matveeva,O (2182)-Ambartsumova,K (2404) Abu Dhabi Masters Online 2024 (8)}) ({RR} 7. Nfd2 e5 8. dxe5 Nxe5 9. O-O Bc5 10. Qc2 Qd3 11. Qxd3 cxd3 12. Nb3 Bb6 13. Bd2 O-O 14. Bc3 Re8 15. Na3 c6 16. Bxe5 Rxe5 17. Nc4 Re7 18. Nxb6 axb6 19. Rfd1 Bf5 20. Bf1 c5 21. Rac1 Rd8 {0-1 Lagowski,P (2100)-Ovchinnikova,J (2235) Frydek Mistek op-A 1997 (6)}) 7... b5 8. O-O Be7 9. a4 a6 10. Bd2 Bb7 11. axb5 axb5 12. Nc3 Nb4 13. Qb1 O-O 14. b3 c5 15. Rd1 Nd3 16. bxc4 bxc4 17. dxc5 Bxf3 18. Qxb8 Qxb8 19. Bxf3 Bxc5 20. Rdb1 Qe5 21. Ra4 Qf5 22. Kg2 Ne5 23. Be2 Ne4 0-1

[Event "Olympiad Women 2024"]
[Site "Budapest HUN"]
[Date "2024.09.18"]
[Round "7.19"]
[Board "1"]
[White "Francisco Guecamburu, Candela Be"]
[Black "Mendoza, Shania Mae"]
[Result "1-0"]
[WhiteElo "2294"]
[BlackElo "2013"]
[PlyCount "91"]
[EventDate "2024.09.11"]
[WhiteTeam "Argentina"]
[BlackTeam "Philippines"]
[WhiteTeamCountry "ARG"]
[BlackTeamCountry "PHI"]

1. d4 d5 2. Nc3 g6 3. Bf4 Bg7 4. e3 ({RR} 4. Qd2 c5 5. dxc5 d4 6. Nb5 Na6 7. O-O-O e5 8. Nd6+ Kf8 9. Bg3 Nxc5 10. Nc4 Be6 11. Nxe5 Ne7 12. Ngf3 Bxa2 13. Qb4 Rc8 14. Nxd4 Nd5 15. Qa3 Bxe5 16. Bxe5 Qg5+ 17. f4 Nxf4 18. Bxf4 Qxf4+ {1-0 Sethuraman,S (2640)-Edouard,R (2636) Wch Blitz 9th 2015 (3)}) 4... Nf6 5. h4 h6 6. Nf3 c5 $146 ({RR} 6... O-O 7. Ne5 c5 8. Be2 cxd4 9. exd4 Qb6 10. Na4 Qa5+ 11. c3 Nc6 12. Nxc6 bxc6 13. Nc5 Nd7 14. b4 Qa3 15. Qb3 Qxb3 16. axb3 Nxc5 17. bxc5 f6 18. Bc7 e5 19. O-O exd4 20. cxd4 f5 21. Rfd1 {0-1 Campos Rosas,M (2155)-Arias Igual,A (2276) Titled Tue 23rd Jul Late 2024 (11)}) 7. Nb5 Na6 8. c3 Ne4 9. Be2 Bg4 10. a4 O-O 11. Ne5 Bxe2 12. Qxe2 Qe8 13. f3 Nd6 14. Ng4 h5 15. Nf2 Nc4 16. e4 cxd4 17. exd5 Nb6 18. c4 Qc8 19. b3 d3 20. Qd1 Qf5 21. Bg3 d2+ 22. Kxd2 Rfd8 23. Nc3 e6 24. d6 Qa5 25. Rc1 Rac8 26. Nfe4 f5 27. Ng5 Nxc4+ 28. bxc4 Rxc4 29. Qb3 Rd4+ 30. Ke2 Nc5 31. Qb5 Rxa4 32. Rhd1 b6 33. Qxa5 Rxa5 34. Bf2 Nd7 35. Kf1 Nf8 36. Ne2 Bf6 37. Nf4 e5 38. Nd5 Rxd6 39. Nxf6+ Rxf6 40. Rc7 Ra2 41. Be1 Ra4 42. Bc3 Rxh4 43. Kg1 Rd4 44. Rxd4 exd4 45. Bxd4 Ne6 46. Rc6 1-0

[Event "Olympiad Women 2024"]
[Site "Budapest HUN"]
[Date "2024.09.18"]
[Round "7.19"]
[Board "2"]
[White "Frayna, Janelle Mae"]
[Black "Campos, Maria Jose"]
[Result "1-0"]
[WhiteElo "2216"]
[BlackElo "2252"]
[PlyCount "131"]
[EventDate "2024.09.11"]
[WhiteTeam "Philippines"]
[BlackTeam "Argentina"]
[WhiteTeamCountry "PHI"]
[BlackTeamCountry "ARG"]

1. c4 e6 2. g3 Nf6 3. Bg2 d5 4. Nf3 dxc4 5. Qa4+ Nbd7 6. Qxc4 c5 7. d3 b6 8. Nd4 ({RR} 8. Ng5 Rb8 9. Bf4 Bb7 10. Ne4 Nxe4 11. Bxe4 b5 12. Qc2 Bxe4 13. dxe4 Rb7 14. O-O Be7 15. a4 a6 16. Nc3 O-O 17. e5 c4 18. axb5 axb5 19. Ne4 Qb6 20. Rfd1 Qc6 21. h4 Nc5 22. Ng5 g6 {½-½ Eljanov,P (2683)-Ponomariov,R (2758) Saratov Governor's Cup 2011 (11)}) ({RR} 8. O-O Bb7 9. Bf4 Rc8 10. Nc3 a6 11. a4 Be7 12. Rad1 O-O 13. Rfe1 Nd5 14. Bd2 Bf6 15. e4 Nb4 16. Na2 b5 17. axb5 axb5 18. Qb3 Nxa2 19. Qxa2 Ne5 20. Nxe5 Bxe5 21. Bc3 Qf6 22. Qb3 b4 {0-1 Goncalves,N (1998)-Bernotas,A (2366) Titled Tue 27th Feb Late 2024 (1)}) 8... b5 $146 ({RR} 8... Ne5 9. Nc6 Nxc6 10. Bxc6+ Bd7 11. Bxa8 Qxa8 12. f3 h5 13. Nc3 h4 14. g4 Bd6 15. a4 Qb8 16. Bg5 Bxh2 17. O-O-O Bg3 18. Kb1 Qe5 19. Bxf6 gxf6 20. Ne4 Bc6 21. Nxg3 Qxg3 22. d4 Qf4 23. Qa6 {1-0 Maletin,P (2571)-Morozevich,A (2712) RUS GP rap final rapid 2014 (2.3)}) ({RR} 8... Ne5 9. Nc6 Nxc6 10. Bxc6+ Bd7 11. Bxa8 Qxa8 12. f3 h5 13. Nc3 h4 14. g4 Qc6 15. a4 Bd6 16. h3 Nd5 17. Bd2 O-O 18. e4 Nf4 19. Ne2 Nxe2 20. Kxe2 Be5 21. Bc3 Qd6 22. Rad1 Rd8 23. Bxe5 {1-0 Sher,M (2500)-Polgar,S (2415) Aarhus 1993 (1)}) ({RR} 8... Ne5 9. Nc6 Nxc6 10. Bxc6+ Bd7 11. Bxa8 Qxa8 12. f3 b5 13. Qc2 Be7 14. e4 O-O 15. Be3 Rc8 16. Nd2 e5 17. O-O Qc6 18. a4 bxa4 19. Nc4 Qe6 20. Qc3 Bb5 21. Nxe5 Bd6 22. Nc4 Bb8 23. Rac1 {1-0 Tregubov,P (2475)-Monin,N (2400) St Petersburg op 1993}) 9. Nxb5 Rb8 10. O-O Qb6 11. N1c3 Be7 12. Qa4 a6 13. Na3 O-O 14. Nc4 Qd8 15. Na5 Ne5 16. Bf4 Rb4 17. Qc2 Qxa5 18. Bxe5 Nd7 19. Bf4 Qb6 20. b3 h5 21. Rab1 Qa5 22. Ne4 Qd8 23. a3 Rd4 24. Be3 Rd5 25. Rfc1 Rf5 26. Qd2 g5 27. Rc2 Bb7 28. Nd6 Bxd6 29. Bxb7 h4 30. Be4 Re5 31. Bg2 Be7 32. d4 cxd4 33. Bxd4 Rf5 34. Be4 Ra5 35. a4 h3 36. Bc3 Rc5 37. b4 Rc7 38. Ba1 f5 39. Bh1 Rxc2 40. Qxc2 Qb6 41. Qc6 Rd8 42. a5 Qxc6 43. Bxc6 Nb8 44. Ba4 Rd2 45. Be5 Nd7 46. Bc3 Rd6 47. Rd1 Rxd1+ 48. Bxd1 Kf7 49. Ba4 Nf6 50. b5 axb5 51. Bxb5 Bc5 52. e3 Ke7 53. a6 Nd7 54. Bd4 Bxd4 55. exd4 Nb6 56. a7 Kd6 57. Be2 Kd5 58. Bf3+ Kxd4 59. a8=Q Nxa8 60. Bxa8 e5 61. Bb7 e4 62. Kf1 e3 63. f3 Kd3 64. Ke1 f4 65. gxf4 gxf4 66. Bc8 1-0

[Event "Olympiad Women 2024"]
[Site "Budapest HUN"]
[Date "2024.09.18"]
[Round "7.19"]
[Board "3"]
[White "Borda Rodas, Anapaola S."]
[Black "Fronda, Jan Jodilyn"]
[Result "1/2-1/2"]
[WhiteElo "2216"]
[BlackElo "2165"]
[PlyCount "147"]
[EventDate "2024.09.11"]
[WhiteTeam "Argentina"]
[BlackTeam "Philippines"]
[WhiteTeamCountry "ARG"]
[BlackTeamCountry "PHI"]

1. e4 c5 2. Nf3 e6 3. d4 cxd4 4. Nxd4 Nc6 5. Bf4 d6 6. Nxc6 bxc6 7. c4 e5 8. Be3 Nf6 9. Nc3 Ng4 10. Bc1 Be7 11. Be2 Nf6 12. O-O O-O 13. b3 $146 ({RR} 13. Be3 Be6 14. b4 Qc7 15. Rc1 Qb7 16. b5 cxb5 17. Nxb5 Rfd8 18. f3 Ne8 19. Nc3 Rdc8 20. Nd5 Bd8 21. Rb1 Qd7 22. Qd2 Rab8 23. Rb2 Ba5 24. Qc2 Bxd5 25. exd5 Bb6 26. Bxb6 Rxb6 27. Rxb6 axb6 {½-½ Homer,S (1998)-Pitcher,J (2182) English Seniors 50+ 2024 (1.6)}) ({RR} 13. Be3 Be6 14. Qc2 Qc7 15. Rac1 Rac8 16. b4 a5 17. b5 cxb5 18. cxb5 Qb7 19. Qa4 d5 20. exd5 Nxd5 21. Nxd5 Bxd5 22. f3 Rxc1 23. Rxc1 Bd8 24. Qc2 Bb6 25. Bxb6 Qxb6+ 26. Qc5 Qxc5+ 27. Rxc5 Bxa2 {1-0 Shabalov,A (2504)-Adewumi,T (2305) Chicago op 31st 2022 (2)}) ({RR} 13. Be3 Bb7 14. Qc2 d5 15. cxd5 cxd5 16. exd5 Nxd5 17. Nxd5 Qxd5 18. Bf3 Qb5 19. a4 Qa6 20. Qc7 Bxf3 21. Qxe7 Rfe8 22. Qh4 Bd5 23. f3 Qb7 24. Qf2 f5 25. Rfd1 f4 26. Bc5 e4 27. fxe4 Rxe4 {½-½ Ilinca,F (2358)-Manolache,M (2399) TCh-ROU Superliga 2023 (2.5)}) 13... Ne8 14. c5 Nc7 15. cxd6 Bxd6 16. Be3 Ne6 17. Na4 Bb7 18. Bc4 Qe7 19. Qg4 Bc8 20. Bh6 Qf6 21. Be3 Nf4 22. Qg3 Be6 23. Ba6 Bc8 24. Bc4 Be6 25. Kh1 Bxc4 26. bxc4 Rab8 27. Nc5 Rfd8 28. Nb3 Qe6 29. Bxa7 Rb4 30. c5 Bc7 31. Rfd1 Rxe4 32. Bb6 Rxd1+ 33. Rxd1 Nd5 34. Qd3 Qf5 35. Qa6 h6 36. Qa8+ Kh7 37. Qxc6 Qxf2 38. h3 Bb8 39. Ba5 Nf6 40. Qb7 Re2 41. Qf3 Ne4 42. Rd3 Bc7 43. Nc1 Re1+ 44. Bxe1 Qxe1+ 45. Kh2 Ng5 46. Qf5+ g6 47. Qc8 e4+ 48. Qxc7 exd3 49. Nxd3 Qd2 50. Qg3 Qxa2 51. h4 Ne4 52. Qf4 Qe6 53. Ne5 Nxc5 54. Nxf7 Qf5 55. Qc7 Qd7 56. Qf4 Qf5 57. Qxh6+ Kg8 58. Ng5 Qe5+ 59. Kh3 Qg7 60. Qxg7+ Kxg7 61. Kg4 Nd3 62. Ne6+ Kf6 63. Nf4 Ne5+ 64. Kh3 Kf5 65. Nd5 Ke6 66. Ne3 Kf7 67. g4 Kf6 68. Nd5+ Ke6 69. Nf4+ Kf6 70. g5+ Kf5 71. Nd5 Ke4 72. Ne7 Kf4 73. Ng8 Nf7 74. Nh6 1/2-1/2

[Event "Olympiad Women 2024"]
[Site "Budapest HUN"]
[Date "2024.09.18"]
[Round "7.19"]
[Board "4"]
[White "Canino, Ruelle"]
[Black "Amura, Claudia"]
[Result "1-0"]
[WhiteElo "2004"]
[BlackElo "2191"]
[PlyCount "77"]
[EventDate "2024.09.11"]
[WhiteTeam "Philippines"]
[BlackTeam "Argentina"]
[WhiteTeamCountry "PHI"]
[BlackTeamCountry "ARG"]

1. c4 e5 2. Nf3 e4 3. Nd4 Nc6 4. e3 Nxd4 5. exd4 Nf6 6. Nc3 Bb4 ({RR} 6... d5 7. d3 exd3 8. Bxd3 dxc4 9. Bxc4 Be7 10. O-O O-O 11. Bf4 h6 12. h3 Bd6 13. Qd2 Bf5 14. Rfe1 a6 15. a3 Qd7 16. Rad1 Rfe8 17. Be5 Be6 18. Bd3 Nd5 19. Ne4 Rad8 20. Nxd6 cxd6 21. Bg3 {½-½ Wadsworth,M (2450)-Puranik,A (2645) Titled Tue 23rd Jan Early 2024 (3)}) 7. Be2 O-O 8. g4 $146 ({RR} 8. a3 Bxc3 9. dxc3 c5 10. dxc5 a5 11. Be3 a4 12. O-O Qe7 13. Qd4 Ra6 14. Rad1 h6 15. Bf4 Re8 16. Bd6 Qe6 17. Rfe1 Nh7 18. Bf1 f5 19. Qd5 Nf6 20. Qxe6+ dxe6 21. f4 Bd7 22. Be5 Bc6 {0-1 Itkis,B (2332)-Papayan,O (2253) Titled Tue 18th Oct Late 2022 (5)}) 8... d5 9. g5 Bxc3 10. dxc3 Ne8 11. Bf4 Bh3 12. Rg1 dxc4 13. Bxc4 Nd6 14. Bb3 Qd7 15. Qh5 Be6 16. d5 Bf5 17. O-O-O a5 18. Qe2 b5 19. h4 b4 20. cxb4 axb4 21. h5 Ra5 22. h6 c5 23. Bxd6 Qxd6 24. Bc4 Rfa8 25. Qe3 Rd8 26. Qg3 Raa8 27. Kd2 Qe7 28. Qf4 Bg6 29. Rde1 Rxd5+ 30. Bxd5 Rd8 31. Kc1 Rxd5 32. Rd1 Rxd1+ 33. Rxd1 gxh6 34. gxh6 f5 35. Rd6 c4 36. Rc6 c3 37. bxc3 bxc3 38. Rxc3 Qb4 39. Qe5 1-0

[Event "Olympiad Women 2024"]
[Site "Budapest HUN"]
[Date "2024.09.18"]
[Round "7.20"]
[Board "1"]
[White "Unuk, Laura"]
[Black "Maksimovic, Masa"]
[Result "1/2-1/2"]
[WhiteElo "2316"]
[BlackElo "2093"]
[PlyCount "169"]
[EventDate "2024.09.11"]
[WhiteTeam "Slovenia"]
[BlackTeam "Bosnia & Herzegovina"]
[WhiteTeamCountry "SLO"]
[BlackTeamCountry "BIH"]

1. d4 Nf6 2. c4 g6 3. Nf3 Bg7 4. g3 O-O 5. Bg2 d6 6. Nc3 Nc6 7. d5 ({RR} 7. O-O a6 8. d5 Na5 9. b3 c5 10. dxc6 Nxc6 11. Bd2 Bf5 12. Nh4 Bd7 13. Rc1 Rc8 14. Be3 Ng4 15. Bd2 Nf6 16. h3 Na5 17. Nd5 Nc6 18. Bc3 Nxd5 19. Qxd5 Nd4 20. Qe4 e5 21. Qd3 b5 {0-1 Vidit,S (2689)-Perez Ponsa,F (2589) Titled Tuesday intern op 1st Nov 10am blitz 2016 (7)}) 7... Na5 8. b3 c5 9. O-O a6 10. Bb2 Rb8 11. Nd2 ({RR} 11. a4 e5 12. dxe6 Bxe6 13. Nd2 d5 14. cxd5 Nxd5 15. Qc1 Nb4 16. Nce4 b6 17. Bxg7 Kxg7 18. Qc3+ Qd4 19. Qf3 Qe5 20. Rac1 Rbd8 21. Nc4 Nxc4 22. bxc4 a5 23. h4 h6 24. Qe3 Rd4 25. Ng5 Qxe3 {0-1 Rostomyan,M (2222)-Maksimovic,B (2482) Titled Tue 11th Jul Late 2023 (6)}) 11... b5 12. Qc1 $146 ({RR} 12. cxb5 axb5 13. e4 Ba6 14. Re1 Nd7 15. Bf1 Qb6 16. Kg2 e5 17. dxe6 fxe6 18. Qg4 Rbe8 19. f4 Nc6 20. Nf3 Nf6 21. Qh3 Nd4 22. Nxd4 cxd4 23. Nd1 e5 24. fxe5 Bc8 25. Qh4 dxe5 26. Qg5 Ng4 {0-1 Duke,M (2069)-Burrows,M (2148) Bolton 4NCL op-A 4th 2015 (5.6)}) ({RR} 12. cxb5 axb5 13. Qc2 e5 14. e4 Ng4 15. h3 Nh6 16. Kh2 f5 17. Ne2 fxe4 18. Nxe4 Nf5 19. f4 Ne3 20. Qd2 Nxf1+ 21. Rxf1 Nb7 22. fxe5 Rxf1 23. Bxf1 dxe5 24. Bg2 Bf5 25. N2c3 b4 26. Na4 Rc8 {0-1 Brkic,A (2208)-Rashkovsky,N (2508) Zadar op 2000 (9)}) ({RR} 12. cxb5 axb5 13. e4 Ng4 14. Qc2 Ba6 15. h3 b4 16. hxg4 bxc3 17. Bxc3 Bxf1 18. Rxf1 Bxc3 19. Qxc3 Qb6 20. e5 Qb4 21. Qxb4 Rxb4 22. Rc1 Ra8 23. Ne4 Nb7 24. Rc2 Kg7 25. f4 Ra5 26. Nd2 Rd4 {0-1 Laukhina,M (1761)-Nosacheva,M (2222) Moscow op (Women) 17th 2021 (1)}) 12... e5 13. dxe6 Bxe6 14. cxb5 axb5 15. Nce4 Nxe4 16. Nxe4 Bxb2 17. Qxb2 f5 18. Nc3 Qf6 19. Qd2 b4 20. Nd5 Bxd5 21. Bf3 Be4 22. Bxe4 Kh8 23. Bd5 Qd4 24. Qxd4+ cxd4 25. Rfd1 Nb7 26. Rxd4 Nc5 27. a4 bxa3 28. Rxa3 Rb6 29. b4 Na6 30. b5 Nc7 31. Ra7 Nxb5 32. Rb4 Rfb8 33. Rd7 Nc3 34. Rxb6 Rxb6 35. Bc4 d5 36. Bd3 Rc6 37. h4 Ne4 38. Rxd5 Nf6 39. Rb5 Rc7 40. Rb6 Kg7 41. Ba6 Re7 42. Rb7 Rxb7 43. Bxb7 h6 44. Bc8 Ne4 45. Kg2 Nd6 46. Bd7 g5 47. Kf3 Kf6 48. hxg5+ hxg5 49. Bc6 Ke5 50. Ke3 Nc4+ 51. Kd3 Nd6 52. f3 f4 53. g4 Nc8 54. Kc4 Nd6+ 55. Kc5 Nc8 56. Bb7 Nd6 57. Ba6 Nf7 58. Kc6 Kf6 59. Kd5 Nd8 60. Bc4 Nf7 61. Ba2 Ne5 62. Kd6 Ng6 63. Bb1 Nh4 64. Be4 Ng2 65. Kd5 Ne3+ 66. Kd4 Ng2 67. Bd5 Ne3 68. Bb3 Ng2 69. Ba4 Ne3 70. Bb5 Nc2+ 71. Ke4 Ne3 72. Ba6 Ng2 73. Kd5 Ne3+ 74. Kd6 Ng2 75. Bd3 Ne3 76. Kc5 Ng2 77. Kd5 Ne3+ 78. Kd4 Ng2 79. e4 fxe3 80. Bf1 Nf4 81. Kxe3 Ne6 82. Bc4 Nf4 83. Ke4 Ng2 84. Bf1 Nf4 85. Kd4 1/2-1/2

[Event "Olympiad Women 2024"]
[Site "Budapest HUN"]
[Date "2024.09.18"]
[Round "7.20"]
[Board "2"]
[White "Babic, Milana"]
[Black "Urh, Zala"]
[Result "1/2-1/2"]
[WhiteElo "2080"]
[BlackElo "2251"]
[PlyCount "104"]
[EventDate "2024.09.11"]
[WhiteTeam "Bosnia & Herzegovina"]
[BlackTeam "Slovenia"]
[WhiteTeamCountry "BIH"]
[BlackTeamCountry "SLO"]

1. Nf3 Nf6 2. c4 g6 3. b3 Bg7 4. Bb2 O-O 5. g3 c6 6. Bg2 d5 7. O-O a5 8. cxd5 cxd5 9. d3 ({RR} 9. Nc3 Nc6 10. Rc1 d4 11. Na4 Re8 12. Rxc6 bxc6 13. Nxd4 Nd5 14. Nxc6 Qd6 15. Bxg7 Kxg7 16. Qa1+ Nf6 17. Qc3 Bb7 18. Nb6 Ra6 19. Nc4 Qe6 20. N4xa5 Bxc6 21. Nxc6 Rxa2 22. Bf3 Rc8 23. b4 Qd6 {1-0 Svidler,P (2743)-Mamedyarov,S (2757) Sochi Tal Memorial Blitz 2014 (18)}) ({RR} 9. Nc3 Nc6 10. Nb5 Bg4 11. Rc1 Bxf3 12. Bxf3 Qd7 13. a4 h5 14. d3 Rfc8 15. Qd2 h4 16. Kg2 h3+ 17. Kg1 Ne8 18. Bxg7 Kxg7 19. Rc5 Nb4 20. Rfc1 Rxc5 21. Rxc5 b6 22. Rc1 Rc8 23. Kf1 e5 {1-0 Vachier Lagrave,M (2732)-Badelka,O (2377) Titled Tue 27th Feb Late 2024 (1)}) 9... Nc6 10. Nc3 Re8 $146 ({RR} 10... e5 11. Rc1 d4 12. Nb5 Nd5 13. Nd2 Be6 14. Ne4 Ncb4 15. a3 Qd7 16. a4 b6 17. Ba3 Rfc8 18. Qd2 Rxc1 19. Rxc1 Rc8 20. Ned6 Rxc1+ 21. Qxc1 Na2 22. Qc2 Nac3 23. Nxc3 Nxc3 24. Ne4 Nxe4 25. Bxe4 {0-1 Dragun,K (2431)-Strzemiecki,Z (2377) POL-ch U18 Murzasichle 2011 (8)}) ({RR} 10... e5 11. Rc1 d4 12. Na4 Nd5 13. Nd2 Be6 14. a3 Qe7 15. Nc5 Bh6 16. Nxe6 Qxe6 17. Rc5 Nce7 18. Nc4 Rfc8 19. Rxa5 Rxa5 20. Nxa5 b6 21. Nc4 b5 22. Na5 Nc3 23. Qc2 Na4 24. Qb1 Nxb2 25. Qxb2 {½-½ Eraschenkov,D (2386)-Praveen,K (2199) Mumbai Wealth op 5th 2019 (9)}) 11. e3 e5 12. Ne2 Bf5 13. a3 Qd7 14. Rc1 Bg4 15. d4 Bxf3 16. Bxf3 e4 17. Bg2 h5 18. Nf4 Qd6 19. h4 a4 20. b4 Nd7 21. Re1 Nb6 22. Bf1 Ne7 23. Bb5 Red8 24. Rc5 Nf5 25. Qe2 Bf8 26. Rec1 Qf6 27. Ba1 Ng7 28. Qd1 Qf5 29. Bf1 Qf6 30. Rb5 Ne8 31. Rcc5 Qd6 32. Nxd5 Nxd5 33. Rxd5 Qxd5 34. Rxd5 Rxd5 35. Bc4 Rf5 36. Qc2 Nd6 37. Bf1 Rc8 38. Qxa4 b5 39. Qb3 Rc7 40. Bb2 Bh6 41. Bh3 Rf3 42. Bg2 Rf5 43. Bh3 Rf3 44. Bg2 Rf5 45. a4 bxa4 46. Qxa4 Bf8 47. Bf1 Rb7 48. Qc6 Rb8 49. Ba3 Rc8 50. Qa4 Rb8 51. Qc6 Rc8 52. Qa4 Rb8 1/2-1/2